00274nam a2200109Ia 4500082001200000100001600012245004400028260000900072300000900081650002800090710004600118 aRP.021; aPatel, R.K. 0aStudies in dairy economics & statistics c1973 av.p. aDAIRYING - BIBLIOGRAPHY aNational Dairy Research Institute, Karnal